Bassin d’Arcachon - Statistiques

Statistiques générales
  • Ce quiz a été pris 125 fois
    116 depuis la dernière actualisation
  • Le résultat moyen est 5 sur 10
Statistiques - réponses
Par images Réponse % Correct
Dune du Pilat
80%
Ostréiculture
72%
Cabane tchanquée
59%
La Teste-de-Buch
57%
Pinasse
57%
Île aux oiseaux
50%
Banc d’Arguin
47%
Lège-Cap-Ferret
44%
Le Teich
43%
Côte d’argent
11%
Aucun quiz correspondant
Distribution des résultats
% des personnes avec chaque résultat
Percentile par nombre de réponses
Votre historique - résultats
Vous n’avez pas pris ce quiz depuis la dernière actualisation